000 00688nam a2200181Ii 4500
003 JO-AjNU
008 230605s9999||||xx |||||||||||||| ||und||
040 _aJO-AjNU
_bara
_erda
_cJO-AjNU
041 _aara
050 1 4 _aHG8695.25.M8264.2015
100 3 _aالمؤسسة العامة للضمان الإجتماعي,
_eauthor
_956620
245 0 0 _aالمؤسسة العامة للضمان الإجتماعي : التقرير السنوي، 2015
264 3 1 _aعمان، الاردن: المؤسسة العامة للضمان الاجتماعي، 2015
300 _a105ص
336 _atext
_btxt
_2rdacontent
337 _aunmediated
_bn
_2rdamedia
338 _avolume
_bnc
_2rdacarrier
999 _aA25324
_c28892
_d28892